Sports Terms Quiz Stats

 Plays Quiz Updated Dec 9, 2014

Score 0/20 Timer 05:00
0 Plays Today
Description Term % Correct
A serve that the opponent fails to touchAce
90.9%
When a player scores three goals in a single game.Hat Trick
85.3%
When an opponent in possession of the football is tackled in his own end zoneSafety
82.8%
Scoring one below parBirdie
81.2%
Gaining possession of the ball after a failed attempt to put it into the basketRebound
78.9%
The area of baseball field where pitchers warm up before they start pitchingBullpen
75.7%
Keeping control of the ball while running by tapping, dragging, or rolling it in front of the bodyDribble
73.8%
Victory by holding an opponent's shoulders on the wrestling mat for a prescribed period of timePin
69.7%
Swimming stroke swum on the breast, with both arms moving simultaneously and legs performing a dolphin kickButterfly Stroke
66.3%
The termination of a boxing match when a boxer is declared by the referee to be unable to continueTechnical Knockout
64.7%
Description Term % Correct
Term for the foremost location on the starting grid, awarded to the fastest qualifierPole Position
58.6%
Any artificial item designed to attract fish and fitted with hooksLure
51.6%
Bumps or mounds of hard snow on a ski slope.Moguls
43.3%
Method to restart play after a minor penalty or infractionScrum
42.1%
The player who delivers the ball to be played by the batsman.Bowler
25.5%
Termination of a team's right to serveSide Out
21.8%
A game with no open frames, e.g a strike or spare in each frameClean Game
18%
The space inside a breaking wave between the lip and faceBarrel
17.6%
A rider or group of riders who have separated themselves ahead of the main packBreakaway
10.7%
On the face-off, when a player pushes the back of his stick down on the ball in the attempt to gain control of itClamping
4.1%

You're not logged in!

Compare scores with friends on all Sporcle quizzes.
OR
Log In

You Might Also Like...

Show Comments

Extras

Top Quizzes Today


Score Distribution

Your Account Isn't Verified!

In order to create a playlist on Sporcle, you need to verify the email address you used during registration. Go to your Sporcle Settings to finish the process.

Report this User

Report this user for behavior that violates our Community Guidelines.

Details: